Impact of removal of rubber plantation for urbanization on CO2 mitigating capacity by loss of carbon sink (Record no. 74725)

MARC details
000 -LEADER
fixed length control field 00476nam a22000977a 4500
100 ## - MAIN ENTRY--AUTHOR NAME
Personal name Ambily, K.K
245 ## - TITLE STATEMENT
Title Impact of removal of rubber plantation for urbanization on CO2 mitigating capacity by loss of carbon sink
260 ## - PUBLICATION, DISTRIBUTION, ETC. (IMPRINT)
Name of publisher PLACROSYM XXIV: Coping with Pandemic and Beyond: Research and Innovations in the Plantation Crops Sector, 14-16 December 2021, Indian Cardamom Research Institute, Kochi, India, Book of Abstracts, pp. 150-152
650 ## - SUBJECT ADDED ENTRY--TOPICAL TERM
Topical Term Carbon sink
942 ## - ADDED ENTRY ELEMENTS (KOHA)
Koha item type Journals
Holdings
Withdrawn status Lost status Damaged status Not for loan Home library Current library Date acquired Koha item type
        RRII Library RRII Library 07/07/2022 Journals